Score 0/30 Timer 05:00
0 Plays Today
Owner Brand % Correct
DiageoSmirnoff
84.7%
Pernod RicardAbsolut
77.7%
BacardiGrey Goose
73%
Gruppo CampariSkyy
39.1%
SPI GroupStolichnaya
37.2%
Russian StandardRussian Standard
34.3%
Brown-FormanFinlandia
29.9%
DiageoCîroc
29.6%
Constellation BrandsSvedka
28.8%
Nolet Spirits/DiageoKetel One
27%
Beam SuntoryPinnacle
12.4%
Heaven HillBurnett's
12.4%
Russian StandardZubrówka
9.9%
BacardiEristoff
9.5%
BelvédèreSobieski
7.7%
Owner Brand % Correct
Pernod RicardWyborowa
6.9%
Phillips DistillingUV
5.1%
Russian StandardGreen Mark
3.6%
Russian StandardSoplica
3.6%
BelvédèreKrupnik
3.3%
Stock Spirits GroupZoladkowa Czysta De Luxe
2.9%
Russian StandardTalka
2.6%
Bayadera GroupKhlibniy Dar
1.5%
Alcohol Siberia GroupPyat Ozer
1.5%
Global SpiritsKhortytsa
1.5%
SynergyBelenkaya
1.5%
Eastern Beverage CompanyMedoff
1.5%
Global SpiritsMorosha
1.5%
Radico KhaitanMagic Moments
1.5%
Eastern Beverage CompanyMernaya
1.1%
Remove Ads.
Support Sporcle.
Get the best of Sporcle when you Go Orange. This ad-free experience offers more features, more stats, and more fun while also helping to support Sporcle. Thank you for becoming a member.

You're not logged in!

Compare scores with friends on all Sporcle quizzes.
OR
Log In

Show Comments

Extras

Top Quizzes Today


Score Distribution

Your Account Isn't Verified!

In order to create a playlist on Sporcle, you need to verify the email address you used during registration. Go to your Sporcle Settings to finish the process.

Report this User

Report this user for behavior that violates our Community Guidelines.

Details: